André Cornélis / (Record no. 152548)

MARC details
000 -LEADER
campo de control de longitud fija 00730nam a22002175i 4500
001 - NÚMERO DE CONTROL
campo de control 152548
003 - IDENTIFICADOR DE NÚMERO DE CONTROL
campo de control ES-MaACL
005 - FECHA Y HORA DE LA ÚLTIMA TRANSACCIÓN
campo de control 20230906204805.0
008 - DATOS DE LONGITUD FIJA--INFORMACIÓN GENERAL
campo de control de longitud fija 051017s1887 fr a | |||||||| ||fre d
040 ## - FUENTE DE CATALOGACIÓN
Centro catalogador/agencia de origen CAM
Lengua de catalogación spa
Centro/agencia transcriptor CAM
100 1# - ENTRADA PRINCIPAL--NOMBRE DE PERSONA
Nombre de persona Bourget, Paul (
Fechas asociadas al nombre 1852-1935)
9 (RLIN) 30991
245 10 - MENCIÓN DEL TÍTULO
Título André Cornélis /
Mención de responsabilidad, etc. Paul Bourget; illustrations de Bocchino.
260 ## - PUBLICACIÓN, DISTRIBUCIÓN, ETC.
Lugar de publicación, distribución, etc. Paris :
Nombre del editor, distribuidor, etc. Alphonse Lemerre éditeur,
Fecha de publicación, distribución, etc. [s.a.]
300 ## - DESCRIPCIÓN FÍSICA
Extensión II, 288 p. :
Otras características físicas il. ;
Dimensiones 18 cm.
490 1# - MENCIÓN DE SERIE
Mención de serie Collection Guillaume-Lemerre
596 ## - NOTA AL PIE DE IMPRENTA
NOTA AL PIE DE IMPRENTA Dedicatoria fechada en 1887.
700 0# - ENTRADA AGREGADA--NOMBRE PERSONAL
Nombre de persona Bocchino.
9 (RLIN) 29667
830 0# - PUNTO DE ACCESO ADICIONAL DE SERIE-TÍTULO UNIFORME
Título uniforme Collection Guillaume-Lemerre
9 (RLIN) 187716
852 ## - LOCALIZACIÓN
Ubicación ES-MaACL
Número de control de estantería B-3342
Nota libre -- Enc. hol. conservando la cub. original
Holdings
Estatus retirado Estado de pérdida Estado de daño No para préstamo Biblioteca de origen Biblioteca actual Ubicación en estantería Fecha de adquisición Fuente de adquisición Total de préstamos Signatura topográfica completa Código de barras Visto por última vez Precio de reemplazo Tipo de ítem Koha
        Biblioteca del Ateneo de Madrid Biblioteca del Ateneo de Madrid Sala Pardo Bazán 17/01/2008     B-3342 1159295 23/02/2023 23/02/2023 Libro impreso